[Event "Tourn. n8660"]
[Site "www.chess-mail.com"]
[Date "2016.04.08"]
[Round "1"]
[White "Tonino1"]
[Black "Goofy"]
[WhiteElo "2200"]
[BlackElo "2320"]
[Result "1/2-1/2"]
[Round "1"]
1.d4 Ng8f6
2.Ng1f3 c5
3.e3 g6
4.Bf1d3 Bf8g7
5.b3 b6
6.Bc1b2 Bc8b7
7.Nb1d2 d5
8.O-O O-O
9.Qd1e2 Nf6e4
10.c4 e6
11.Nf3e1 Ne4xd2
12.Qe2xd2 Nb8d7
13.Ra1c1 cxd4
14.exd4 dxc4
15.Bd3xc4 Nd7e5
16.Bc4e2 Ne5c6
17.Be2f3 Ra8c8
18.Ne1d3 Bg7xd4
19.Bb2xd4 Qd8xd4
20.Rf1d1 Nc6a5
21.Bf3xb7 Na5xb7
22.Rc1xc8 Rf8xc8
23.Nd3e1 Qd4xd2
{ draw }
1/2-1/2

[Event "Tourn. n8582"]
[Site "www.chess-mail.com"]
[Date "2016.04.08"]
[Round "1"]
[White "Aperturaf"]
[Black "Numanoid"]
[WhiteElo "2500"]
[BlackElo "2470"]
[Result "0-1"]
[Round "1"]
1.e4 d6
2.d4 Ng8f6
3.Nb1c3 e5
4.dxe5 dxe5
5.Qd1xd8 Kxd8
6.Bf1c4 Ke8
7.Ng1f3 Bf8d6
8.Bc1g5 Nb8d7
9.O-O h6
10.Bg5d2 a6
11.a4 g6
12.Rf1e1 Kf8
13.a5 Kg7
14.Nc3d5 Nf6xd5
15.exd5 Rh8e8
16.b4 f5
17.Bd2c3 Kf6
18.Bc4b3 g5
19.Nf3d2 b6
20.axb6 Nd7xb6
21.g3 Kg6
22.Nd2c4 Nb6xc4
23.Bb3xc4 Bc8b7
24.Ra1a5 e4
25.Kf1 h5
26.Re1a1 f4
27.gxf4 gxf4
 { time }
0-1

[Event "Tourn. n8726"]
[Site "www.chess-mail.com"]
[Date "2016.04.08"]
[Round "1"]
[White "Bojan"]
[Black "Elogic"]
[WhiteElo "1910"]
[BlackElo "1830"]
[Result "0-1"]
[Round "1"]
1.g3 c6
2.Bf1g2 d5
3.d4 g6
4.c3 Bc8f5
5.Bc1f4 Ng8f6
6.f3 Nb8d7
7.Ng1h3 Bf8g7
8.Nb1d2 b5
9.Qd1b3 a5
10.Nh3f2 a4
11.Qb3d1 O-O
12.h4 Nf6h5
13.Nf2d3 Bf5xd3
14.exd3 e5
15.dxe5 Bg7xe5
16.Bf4xe5 Nd7xe5
17.Nd2f1 Rf8e8
18.Kf2 Qd8f6
19.Nf1h2 g5
20.hxg5 Qf6xg5
21.Nh2f1 Nh5f6
22.d4 Ne5c4
23.Ra1b1 Re8e7
24.f4 Qg5f5
25.Bg2f3 Nf6e4
26.Kg2 Ra8e8
27.b3 Ne4xc3
28.Bf3g4 Qf5e4
29.Bg4f3 Qe4xb1
30.Qd1xb1 Nc3xb1
31.Rh1h6 Re7e6
{ resign }
0-1

[Event "Match"]
[Site "www.echecsemail.com"]
[Date "2016.04.08"]
[Round "1"]
[White "Aperturaf"]
[Black "Starwind"]
[WhiteElo "2520"]
[BlackElo "2249"]
[Result "0-1"]
[Round "1"]
1.e4 e6
2.d4 d5
3.Bf1d3 dxe4
4.Bd3xe4 Ng8f6
5.Be4f3 c5
6.Ng1e2 Nb8c6
7.c3 Bf8e7
8.O-O O-O
9.Nb1a3 cxd4
10.cxd4 Qd8a5
11.Na3c4 Qa5a6
12.Nc4e5 Rf8d8
13.Bc1f4 Bc8d7
14.Qd1c2 Ra8c8
15.Ne5xd7 Rd8xd7
16.Rf1c1 h6
17.Bf3xc6 Rc8xc6
18.Qc2d2 Rc6xc1
19.Ne2xc1 Nf6d5
20.Bf4e5 Nd5b4
21.Qd2c3 Nb4c6
22.Nc1b3 Qa6e2
23.Ra1e1 Qe2b5
24.Re1a1 a5
25.a4 Qb5d5
 { time }
0-1

[Event "Match"]
[Site "www.echecsemail.com"]
[Date "2016.04.08"]
[Round "1"]
[White "Stevep84"]
[Black "Elogic"]
[WhiteElo "2230"]
[BlackElo "1800"]
[Result "1-0"]
[Round "1"]
1.e4 g6
2.d4 e5
3.dxe5 Bf8g7
4.Ng1f3 Qd8e7
5.Bc1f4 Qe7b4
6.Nb1d2 Qb4xb2
7.Bf1c4 Qb2b4
8.Ra1b1 Qb4c3
9.Rb1b3 Qc3a5
10.Qd1b1 b6
11.Rb3b5 Qa5a6
12.Qb1b3 Ng8h6
13.Bf4xh6 Bg7xh6
14.Bc4xf7 Kd8
15.e6 dxe6
16.Qb3b2 Rh8f8
17.Qb2f6 Kd7
18.Nf3e5 { resign }
1-0

[Event "Match"]
[Site "www.echecsemail.com"]
[Date "2016.04.08"]
[Round "1"]
[White "Libiesse"]
[Black "Snickers"]
[WhiteElo "2080"]
[BlackElo "1809"]
[Result "1/2-1/2"]
[Round "1"]
1.d4 d5
2.c4 dxc4
3.Ng1f3 Ng8f6
4.Nb1c3 c6
5.a4 g6
6.Bc1g5 Bf8g7
7.e3 O-O
8.Bf1xc4 Bc8g4
9.Bc4e2 Nb8d7
10.O-O h6
11.Bg5xf6 Nd7xf6
12.h3 Bg4xf3
13.Be2xf3 e6
14.Ra1c1 Nf6d5
15.Qd1b3 Qd8e7
16.Nc3e4 Nd5f6
{ draw }
1/2-1/2

[Event "Match"]
[Site "www.echecsemail.com"]
[Date "2016.04.08"]
[Round "1"]
[White "Elogic"]
[Black "Chapi"]
[WhiteElo "1860"]
[BlackElo "2110"]
[Result "0-1"]
[Round "1"]
1.g3 e5
2.d4 exd4
3.Qd1xd4 Nb8c6
4.Qd4e4 Bf8e7
5.Bc1g5 d5
6.Bg5xe7 Nc6xe7
7.Qe4e5 Ng8f6
8.Nb1c3 O-O
9.Nc3b5 c6
10.Nb5c7 Ne7g6
11.Qe5d4 Qd8xc7
12.O-O-O Qc7b6
13.Qd4xb6 axb6
14.a3 Nf6e4
15.Ng1h3 Bc8xh3
{ resign }
0-1

[Event "Match"]
[Site "www.echecsemail.com"]
[Date "2016.04.08"]
[Round "1"]
[White "Elogic"]
[Black "Fabos12"]
[WhiteElo "1900"]
[BlackElo "1760"]
[Result "0-1"]
[Round "1"]
1.e4 e5
2.Ng1f3 Nb8c6
3.Bf1c4 h6
4.c3 Bf8c5
5.O-O Ng8e7
6.d4 exd4
7.cxd4 Bc5b6
8.d5 Nc6a5
9.Bc4b5 c6
10.dxc6 bxc6
11.Bb5a4 O-O
12.Nb1c3 Bc8b7
13.Qd1d3 Qd8c8
14.b4 Bb7a6
15.b5 cxb5
16.Nc3xb5 Ne7c6
17.Rf1d1 Rf8d8
18.Qd3d5 Nc6b4
19.Nf3e5 Nb4xd5
20.Rd1xd5 f6
21.Nb5d6 Qc8c3
22.Ne5f7 Qc3xa1
23.Nf7xh6 gxh6
24.Rd5d1 Qa1xa2
{ resign }
0-1

[Event "Match"]
[Site "www.echecsemail.com"]
[Date "2016.04.08"]
[Round "1"]
[White "Pinehill"]
[Black "Elogic"]
[WhiteElo "2100"]
[BlackElo "1860"]
[Result "1-0"]
[Round "1"]
1.e4 g6
2.d4 e5
3.Ng1f3 exd4
4.Qd1xd4 Qd8f6
5.e5 Qf6b6
6.Bf1c4 Qb6xd4
7.Nf3xd4 c5
8.Nd4f3 Bf8g7
9.Nb1c3 Ng8e7
10.Bc1g5 Ne7f5
11.O-O Nf5d4
12.Nf3xd4 cxd4
13.Nc3b5 Nb8a6
14.Nb5d6 Kf8
15.Nd6xf7 Rh8g8
16.Ra1d1 Na6c5
17.Rd1xd4 Nc5e6
18.Bc4xe6 Bg7xe5
19.Nf7xe5 { resign }
1-0

[Event "Match"]
[Site "www.echecsemail.com"]
[Date "2016.04.08"]
[Round "1"]
[White "Plymouth"]
[Black "Picalojack"]
[WhiteElo "1309"]
[BlackElo "1499"]
[Result "1-0"]
[Round "1"]
1.e4 e5
2.Ng1f3 Nb8c6
3.Bf1b5 a6
4.Bb5xc6 bxc6
5.d4 Bf8b4
6.c3 d5
7.cxb4 Ng8f6
8.Nf3xe5 O-O
9.Ne5xc6 Qd8d6
10.Nc6e5 Nf6xe4
11.O-O  { time }
1-0

[Event "Match"]
[Site "www.echecsemail.com"]
[Date "2016.04.08"]
[Round "1"]
[White "Elogic"]
[Black "Fangshuo"]
[WhiteElo "1860"]
[BlackElo "2120"]
[Result "1-0"]
[Round "1"]
1.b3 Ng8h6
2.e4 d5
3.exd5 Qd8xd5
4.Ng1f3 Bc8g4
5.Nb1c3 Qd5e6
6.Qd1e2 Qe6f6
7.Qe2e4 Nb8c6
8.Bf1e2 O-O-O
9.d4 Nc6xd4
10.Bc1b2 Bg4f5
11.Qe4f4 Nd4xc2
12.Kf1 Nc2xa1
13.Nc3b5 Qf6c6
14.Nb5xa7 Kb8
15.Na7xc6 bxc6
16.Bb2xa1 e6
17.Nf3e5 Rd8d6
18.Qf4b4 Kc8
19.Be2a6 Kd8
20.Qb4b8 Ke7
21.Qb8xc7 Kf6
22.Ne5xf7 Kg6
23.Nf7xd6 Bf8xd6
24.Qc7xd6 Nh6f7
25.Qd6xc6 Rh8d8
26.Ba6e2 Kg5
27.h4 Kh6
28.g4 { resign }
1-0

[Event "Match"]
[Site "www.echecsemail.com"]
[Date "2016.04.08"]
[Round "1"]
[White "Paco"]
[Black "Daquata"]
[WhiteElo "1850"]
[BlackElo "1630"]
[Result "1-0"]
[Round "1"]
1.e4 e5
2.Ng1f3 Nb8c6
3.Bf1c4 Bf8c5
4.d3 Ng8f6
5.Nf3g5 O-O
6.Nb1c3 d6
7.O-O h6
8.Ng5f3 Bc8g4
9.h3 Bg4h5
10.Qd1d2 Bh5xf3
11.gxf3 Nc6d4
12.Kg2 Nf6h5
13.Kh2 Nh5f4
14.Qd2d1 Qd8h4
15.Bc1xf4 Qh4xf4
16.Kg2 h5
17.Nc3d5 Qf4g5
18.Kh2 c6
19.Rf1g1 Qg5h4
20.Rg1g3 cxd5
21.Bc4xd5 Ra8b8
22.c3 Nd4e6
23.Qd1d2 Ne6f4
24.Ra1g1 g6
25.Rg3xg6 Nf4xg6
26.Rg1xg6 { resign }
1-0

[Event "Eq:Los Tercios-Slap Shot Mates : "]
[Site "www.chess-mail.com"]
[Date "2016.04.08"]
[Round "1"]
[White "Mustaphly"]
[Black "Julianlore"]
[WhiteElo "2740"]
[BlackElo "2650"]
[Result "1-0"]
[Round "1"]
1.d4 Ng8f6
2.Ng1f3 e6
3.c4 Bf8b4
4.Bc1d2 Qd8e7
5.g3 Nb8c6
6.Nb1c3 O-O
7.Bf1g2 Bb4xc3
8.Bd2xc3 Nf6e4
9.Ra1c1 a5
10.d5 Nc6b4
11.a3 Nb4a6
12.Bc3d4 d6
13.Qd1c2 Ne4c5
14.Bd4e3 e5
15.b3 f5
16.O-O f4
17.gxf4 exf4
18.Be3d4 Bc8g4
19.Bd4c3 Ra8e8
20.Rc1e1 Nc5e4
21.Bc3xa5 Qe7f6
22.Nf3d2 Ne4xd2
23.Qc2xd2 Na6c5
24.Ba5xc7 Nc5xb3
25.Qd2d1 Nb3c5
26.f3 Bg4f5
27.Qd1a1 Qf6e7
28.Bc7a5 Nc5b3
29.Qa1c3 Nb3xa5
30.Qc3xa5 Re8c8
31.Re1c1 Qe7xe2
32.Rf1e1 Qe2b2
33.Qa5b4 Qb2d4
34.Kh1 Qd4c5
35.Qb4xb7 Qc5xa3
36.Rc1a1 Qa3c3
37.Ra1c1 Qc3f6
38.Bg2f1  { time }
1-0

[Event "Eq:Los Tercios-Equipo Juan Diaz : "]
[Site "www.chess-mail.com"]
[Date "2016.04.08"]
[Round "1"]
[White "Naujzaid"]
[Black "Heiserman"]
[WhiteElo "2140"]
[BlackElo "2280"]
[Result "0-1"]
[Round "1"]
1.d4 Ng8f6
2.c4 c5
3.d5 b5
4.cxb5 a6
5.bxa6 Bc8xa6
6.Nb1c3 d6
7.e4 Ba6xf1
8.Kxf1 g6
9.g3 Bf8g7
10.Kg2 O-O
11.f4 Qd8a5
12.Ng1f3 Nb8a6
13.Rh1e1 Nf6d7
14.e5 Na6b4
 { time }
0-1

[Event "Fast Game"]
[Site "www.echecsemail.com"]
[Date "2016.04.08"]
[Round "1"]
[White "Attatroll"]
[Black "Add"]
[WhiteElo "1810"]
[BlackElo "1739"]
[Result "0-1"]
[Round "1"]
1.d4 d5
2.c4 dxc4
3.e4 c6
4.Bf1xc4 Ng8f6
5.Nb1c3 e6
6.Ng1f3 h6
7.O-O b5
8.Bc4d3 Bc8b7
9.Bc1e3 a6
10.h3 Nb8d7
11.a3 Nd7b6
12.Nf3e5 Bf8d6
13.Ne5g4 Bd6e7
14.Ng4e5 Nb6d7
15.Ne5f3 c5
16.Ra1c1 c4
17.Bd3b1 Nd7b6
18.Qd1c2 Bb7c6
19.Nf3e5 Bc6b7
20.Rc1d1 Qd8c7
21.Be3f4 Be7d6
22.Ne5xf7 Qc7xf7
23.e5 Nf6d5
24.Nc3xd5 Nb6xd5
25.Bf4h2 Bd6e7
26.Qc2g6 Be7g5
27.Qg6xf7 Kxf7
28.f4 Nd5e3
29.fxg5 Ne3xf1
30.Rd1xf1 Ke7
31.g6 Rh8f8
32.Bh2f4 Ra8d8
33.Bf4e3 Rf8xf1
34.Kxf1 Rd8c8
35.Bb1c2 c3
36.b3 a5
37.Ke2 Bb7xg2
{ resign }
0-1

[Event "Tourn. n8682"]
[Site "www.chess-mail.com"]
[Date "2016.04.09"]
[Round "1"]
[White "Daquata"]
[Black "Azulmarino"]
[WhiteElo "1640"]
[BlackElo "1490"]
[Result "1-0"]
[Round "1"]
1.e4 e5
2.Ng1f3 Nb8c6
3.Bf1c4 h6
4.d4 d6
5.dxe5 Bc8e6
6.Bc4xe6 fxe6
7.exd6 Bf8xd6
8.Nb1c3 Ng8f6
9.O-O Qd8e7
10.Rf1e1 Ra8d8
11.Qd1e2 Qe7f7
12.e5 Bd6xe5
13.Nf3xe5 Nc6xe5
14.Qe2xe5 Nf6g4
15.Qe5xe6 Qf7xe6
16.Re1xe6 Kf7
17.Re6e4 h5
18.Bc1g5 Rd8e8
19.Ra1e1 Re8xe4
20.Re1xe4 Rh8e8
21.Re4xe8 Kxe8
22.Nc3b5 Kd7
23.Nb5xa7 c5
24.f3 Ng4e3
25.Bg5xe3 b6
26.Na7b5 Kc6
27.c4 Kd7
28.Kf2 Ke6
29.Kg3 g6
30.Kh4 Ke5
31.Kg5 { resign }
1-0

[Event "Tourn. n8674"]
[Site "www.chess-mail.com"]
[Date "2016.04.09"]
[Round "1"]
[White "Tonino1"]
[Black "Piekki"]
[WhiteElo "2250"]
[BlackElo "2020"]
[Result "0-1"]
[Round "1"]
1.d4 Ng8f6
2.Ng1f3 d5
3.e3 Bc8f5
4.Bf1d3 Bf5xd3
5.cxd3 e6
6.O-O c5
7.dxc5 Bf8xc5
8.b3 Nb8c6
9.Bc1b2 O-O
10.Nf3e5 Ra8c8
11.d4 Bc5d6
12.f4 Nf6e4
13.Nb1d2 Ne4xd2
14.Qd1xd2 f6
15.Ne5d3 Qd8e8
16.Nd3c5 b6
17.Nc5b7 Bd6b4
18.Qd2d3 Qe8d7
19.Qd3a6 Rc8c7
 { time }
0-1

[Event "Tourn. n8686"]
[Site "www.chess-mail.com"]
[Date "2016.04.09"]
[Round "1"]
[White "Julian"]
[Black "Paaliaq"]
[WhiteElo "2090"]
[BlackElo "2029"]
[Result "0-1"]
[Round "1"]
1.e4 d6
2.d4 g6
3.f4 Bf8g7
4.c4 c5
5.d5 e5
6.fxe5 Qd8h4
7.Kd2 Qh4xe4
8.Ng1f3 dxe5
9.Bf1d3 Qe4g4
10.Qd1e2 f5
11.h3 Qg4g3
12.Nb1c3 Nb8d7
13.Kc2 Ng8f6
14.Nf3g5 e4
15.Rh1f1 Qg3xd3
16.Qe2xd3 exd3
17.Kxd3 Nd7e5
18.Kc2 Ne5xc4
19.Rf1e1 Kf8
20.b3 Nc4d6
21.Ng5e6 Bc8xe6
22.Re1xe6 Nd6e4
23.Nc3xe4 Nf6xe4
24.Bc1b2 Bg7xb2
25.Kxb2 Ra8e8
26.g4 Re8xe6
27.dxe6 Ke7
28.gxf5 gxf5
29.Ra1g1 Kxe6
30.Rg1g7 f4
31.Rg7xb7 f3
{ resign }
0-1

[Event "Tourn. n8661"]
[Site "www.chess-mail.com"]
[Date "2016.04.09"]
[Round "1"]
[White "Osopanda"]
[Black "Bojan"]
[WhiteElo "2060"]
[BlackElo "2050"]
[Result "1-0"]
[Round "1"]
1.d4 g6
2.e4 Bf8g7
3.c4 c6
4.Nb1c3 e5
5.dxe5 Bg7xe5
6.Ng1f3 Be5g7
7.Bc1g5 Ng8e7
8.e5 Qd8a5
9.Bg5f6 Rh8g8
10.Bf1d3 d5
11.O-O Nb8d7
12.cxd5 Ne7xd5
13.Nc3xd5 Qa5xd5
14.Qd1e2 Kf8
15.Rf1d1 Nd7xf6
16.exf6 Bg7xf6
17.Bd3xg6 Qd5a5
18.Bg6xh7 Rg8g7
19.Bh7e4 Bc8g4
20.Qe2e3 Ra8e8
21.Rd1d6 Bf6e7
22.Rd6h6 Be7g5
23.Nf3xg5 Rg7xg5
24.Rh6h8 Rg5g8
25.Qe3h6 Ke7
26.Qh6h4 Qa5g5
27.Qh4xg5 Rg8xg5
28.Rh8xe8 Kxe8
29.Ra1e1 Kf8
30.g3 Rg5e5
31.Kf1 Bg4h3
32.Kg1 Bh3f5
33.f3 Bf5e6
34.Kf2 Be6xa2
35.Re1a1 Re5a5
36.b4 Ra5a3
37.Be4b1 a5
38.Ra1xa2 Ra3b3
39.Bb1e4 Rb3xb4
40.Ra2xa5 Ke7
41.Ra5a7 Ke6
42.Ke3 f5
43.Be4d3 c5
44.h4 Rb4b3
45.Kd2 c4
46.Bd3xc4 { resign }
1-0

[Event "Tourn. n8639"]
[Site "www.chess-mail.com"]
[Date "2016.04.09"]
[Round "1"]
[White "Piwi123"]
[Black "Scasan55"]
[WhiteElo "2110"]
[BlackElo "2120"]
[Result "1-0"]
[Round "1"]
1.e4 e6
2.d4 d5
3.Nb1c3 Bf8b4
4.e5 Bb4xc3
5.bxc3 Ng8f6
6.exf6 Qd8xf6
7.Ng1f3 h6
8.h3 O-O
9.Bf1e2 b6
10.O-O Bc8a6
11.Be2xa6 Nb8xa6
12.Rf1e1  { time }
1-0

[Event "Tourn. n8627"]
[Site "www.chess-mail.com"]
[Date "2016.04.09"]
[Round "1"]
[White "Odin"]
[Black "Elogic"]
[WhiteElo "1850"]
[BlackElo "1850"]
[Result "0-1"]
[Round "1"]
1.c4 g6
2.d4 d5
3.Nb1c3 Ng8f6
4.Bc1g5 dxc4
5.e4 Bf8g7
6.Ng1f3 O-O
7.Bf1xc4 e6
8.e5 Nb8c6
9.d5 exd5
10.Nc3xd5 Nc6xe5
11.Nf3xe5 Bc8e6
12.Nd5xf6 Bg7xf6
13.Qd1xd8 Bf6xd8
14.Bg5xd8 Ra8xd8
15.O-O Rd8d6
16.h3 Rd6d2
17.b3 Be6xc4
18.Ne5xc4 Rd2e2
19.Nc4e3 c6
20.Rf1d1 a6
21.Kf1 Re2b2
22.Ke1 Rf8e8
23.Rd1d2 Rb2xd2
24.Kxd2 Re8e5
25.Ne3g4 Re5d5
26.Kc3 Kg7
27.Kc4 b5
28.Kc3 a5
29.a3 Rd5c5
30.Kd3 f5
31.Ng4e3 b4
32.axb4 axb4
33.Ra1a7 Kh6
34.Ra7b7 Rc5c3
35.Kd2 Rc3xb3
36.Kc2 Rb3c3
37.Kb2 c5
38.g3 Rc3d3
39.Rb7b5 Rd3d2
40.Kb3 Rd2xf2
41.Kc4 Rf2f3
42.Ne3d5 Rf3xg3
43.Rb5xc5 Rg3xh3
44.Kxb4 Kg5
45.Nd5e7 Kf6
46.Ne7d5 Kg5
47.Nd5e7 Rh3e3
48.Ne7g8 h5
49.Rc5c1 h4
50.Rc1g1 Kh5
51.Kc4 g5
52.Kd4 Re3g3
53.Rg1h1 g4
54.Ke5 Kg5
55.Rh1f1 Rg3f3
56.Rf1g1 g3
57.Ng8f6 h3
58.Nf6d5 h2
59.Rg1h1 g2
60.Rh1xh2 g1Q
61.Rh2h7 Qg1g3
62.Ke6 Kg6
63.Rh7h8 Qg3e1
64.Kd6 Kg7
65.Rh8d8 Qe1g3
66.Kc6 Qg3g6
67.Rd8d6 Qg6e8
68.Rd6d7 Kg6
69.Nd5e7 Kf6
70.Ne7d5 Kg5
71.Kc7 Rf3d3
72.Rd7g7 Kh6
73.Rg7h7 Kg5
74.Rh7g7 Kh4
75.Rg7h7 Kg3
76.Rh7g7 Kf3
77.Rg7e7 Qe8g8
{ resign }
0-1

[Event "Tourn. n8632"]
[Site "www.chess-mail.com"]
[Date "2016.04.09"]
[Round "1"]
[White "Falcoale"]
[Black "Bigrezi"]
[WhiteElo "1720"]
[BlackElo "1760"]
[Result "1-0"]
[Round "1"]
1.e4 d6
2.Ng1f3 Ng8f6
3.Nb1c3 c5
4.h3 g6
5.Bf1c4 Bf8g7
6.Nf3g5 O-O
7.d3 e6
8.O-O Nb8c6
9.Nc3e2 a6
10.f4 h6
11.Ng5f3 b5
12.Bc4b3 Bc8b7
13.a3 Ra8c8
14.e5 dxe5
15.Nf3xe5 Nc6xe5
16.fxe5 Nf6d7
17.Bc1f4 Nd7xe5
18.Qd1c1 c4
19.dxc4 Ne5xc4
20.Bf4xh6 Bg7xb2
21.Qc1f4 Bb2xa1
22.Rf1xa1 Rf8e8
23.Bh6g5 Qd8d7
24.Bg5f6 Qd7c6
25.Qf4g5 Nc4e3
26.Ne2f4 Ne3f5
27.h4 e5
28.Nf4xg6 Qc6c5
29.Kh2 e4
30.Ng6e7 Kf8
31.Qg5g8 { resign }
1-0

[Event "Tourn. n8712"]
[Site "www.chess-mail.com"]
[Date "2016.04.09"]
[Round "1"]
[White "Elogic"]
[Black "Fbeley"]
[WhiteElo "1800"]
[BlackElo "2049"]
[Result "0-1"]
[Round "1"]
1.e4 e6
2.c4 d5
3.cxd5 exd5
4.exd5 Ng8f6
5.Bf1b5 Bc8d7
6.Qd1b3 Bf8d6
7.Bb5xd7 Nb8xd7
8.Qb3xb7 O-O
9.Ng1e2 Rf8e8
10.Nb1c3 Nd7b6
11.Qb7c6 Qd8e7
12.O-O Nb6xd5
13.Ne2g3 Nd5b4
14.Nc3b5 Nb4xc6
15.Nb5xd6 cxd6
16.d3 Nc6d4
17.b3 Nd4e2
18.Ng3xe2 Qe7xe2
19.Bc1a3 Qe2e5
20.f3 Qe5d4
21.Kh1 Re8e2
22.Ra1c1 h6
23.Rf1d1 Nf6d7
24.Rc1c4 Qd4f2
{ resign }
0-1

[Event "Tourn. n8699"]
[Site "www.chess-mail.com"]
[Date "2016.04.09"]
[Round "1"]
[White "Azulmarino"]
[Black "Cal"]
[WhiteElo "1490"]
[BlackElo "1610"]
[Result "1-0"]
[Round "1"]
1.e4 e5
2.Ng1f3 d6
3.Bf1c4 h6
4.Nb1c3 Bc8g4
5.d3 Ng8f6
6.Bc1e3 c6
7.h3 Bg4h5
8.Bc4b3 Bf8e7
9.g4 Bh5g6
10.Nc3e2 O-O
11.Ne2g3 Qd8c7
12.Ng3f5 Nb8a6
13.a3 Bg6xf5
14.gxf5 d5
15.Be3xh6 gxh6
16.h4 dxe4
17.dxe4 Ra8d8
18.Qd1c1 Kh7
19.Nf3g5 hxg5
20.hxg5 Kg8
21.gxf6 Be7xf6
22.Qc1h6 Bf6g7
23.Qh6h7 { resign }
1-0

[Event "Match"]
[Site "www.echecsemail.com"]
[Date "2016.04.09"]
[Round "1"]
[White "Andregor"]
[Black "Ituchess"]
[WhiteElo "2610"]
[BlackElo "1809"]
[Result "1-0"]
[Round "1"]
1.e4 c5
2.Ng1f3 Nb8c6
3.d4 cxd4
4.Nf3xd4 e5
5.Nd4b5 d6
6.Nb1c3 a6
7.Nb5a3 Bf8e7
8.Bc1e3 Ng8f6
9.Na3c4 O-O
10.Be3b6 Qd8d7
{ time. }
1-0

[Event "Match"]
[Site "www.echecsemail.com"]
[Date "2016.04.09"]
[Round "1"]
[White "Mdesouza"]
[Black "Elogic"]
[WhiteElo "2210"]
[BlackElo "1860"]
[Result "1-0"]
[Round "1"]
1.e4 Ng8f6
2.e5 Nf6d5
3.Ng1f3 e6
4.d4 c5
5.c4 Nd5b4
6.d5 d6
7.a3 Nb4a6
8.Bc1f4 Qd8a5
9.Nb1c3 Bc8d7
10.Bf1e2 g6
11.O-O Qa5b6
12.Rf1e1 Qb6xb2
13.Nc3a4 Bd7xa4
14.Qd1xa4 Nb8d7
15.Ra1b1 Qb2a2
16.Rb1xb7 Na6b8
17.Re1b1 Ke7
18.Bf4g5 f6
19.Bg5xf6 Kf7
20.Rb7xd7 Nb8xd7
21.Qa4xd7 { resign }
1-0

[Event "Match"]
[Site "www.echecsemail.com"]
[Date "2016.04.09"]
[Round "1"]
[White "Bojan"]
[Black "Elogic"]
[WhiteElo "1910"]
[BlackElo "1830"]
[Result "1/2-1/2"]
[Round "1"]
1.c4 g6
2.d4 c6
3.b4 a5
4.Bc1a3 axb4
5.Ba3xb4 Qd8b6
6.a3 Nb8a6
7.Bb4c3 Bf8g7
8.e3 d6
9.Nb1d2 d5
10.c5 Qb6c7
11.Ng1f3 Bc8f5
12.Ra1a2 Na6xc5
13.Bf1e2 Nc5e6
14.Nf3h4 Ne6c5
15.Nh4xf5 gxf5
16.Qd1c2 Nc5e4
17.f3 Ne4xc3
18.Qc2xc3 e5
19.Nd2b3 Ng8e7
20.g3 O-O
21.Kf2 b5
22.dxe5 Bg7xe5
23.Qc3b4 Ra8a4
24.Qb4c5 Be5d6
25.Qc5c2 Bd6xa3
26.Be2xb5 Ra4a7
27.Bb5d3 Qc7e5
28.Nb3d4 Rf8b8
29.Rh1a1 Ra7b7
30.f4 Qe5d6
31.Kf3 Rb7b2
32.Ra2xb2 Rb8xb2
33.Qc2a4 Ba3c5
34.Bd3xf5 Bc5xd4
35.Qa4xd4 Rb2b4
36.Ra1a8 Rb4b8
37.Ra8xb8 Qd6xb8
38.Bf5d3 Qb8b3
39.Bd3e2 Qb3b1
40.Kg4 Qb1g6
41.Kh3 h5
42.Kg2 Ne7f5
43.Be2d3 Nf5xd4
44.Bd3xg6 fxg6
45.exd4 Kf7
46.Kf3 Ke6
47.h3 Kd6
48.g4 c5
49.dxc5 Kxc5
50.f5 hxg4
51.hxg4 gxf5
52.gxf5 Kd6
53.Kf4 d4
{ draw }
1/2-1/2

[Event "Match"]
[Site "www.echecsemail.com"]
[Date "2016.04.09"]
[Round "1"]
[White "Crnighthawk"]
[Black "Sgtdutcher"]
[WhiteElo "1499"]
[BlackElo "1499"]
[Result "1-0"]
[Round "1"]
1.Ng1f3 Nb8c6
2.Nf3g5 h6
3.Ng5e4 Nc6d4
4.c3 h5
5.cxd4 h4
6.Ne4g5 Rh8h5
7.Ng5e4 Rh5f5
8.g3 hxg3
9.fxg3 Rf5a5
10.b3 Ra5h5
11.Bf1g2 a5
12.Bg2f3 Rh5f5
13.Bf3g4 Rf5b5
14.Ne4c3 Rb5g5
15.Bg4f3 Ra8a6
16.d3 Ra6d6
17.Bc1xg5 Rd6xd4
18.Bg5e3 Rd4b4
19.Nc3d5 Ng8f6
20.Nb1c3 g6
21.Nd5f4 Bf8h6
22.Be3c5 e5
23.Nf4g2 b6
24.Bc5e3 Bh6f8
25.h4 c5
26.g4 Bc8a6
27.h5 e4
28.Nc3xe4 Nf6g8
29.h6 Ng8e7
30.h7 Bf8g7
31.Be3h6 Bg7xh6
32.Rh1xh6 Ne7d5
33.h8Q { resign }
1-0

[Event "Match"]
[Site "www.echecsemail.com"]
[Date "2016.04.09"]
[Round "1"]
[White "Starwind"]
[Black "Johndyson"]
[WhiteElo "2330"]
[BlackElo "2500"]
[Result "1/2-1/2"]
[Round "1"]
1.d4 d5
2.c4 c6
3.Ng1f3 Ng8f6
4.Nb1c3 e6
5.e3 Nb8d7
6.Qd1c2 Bf8d6
7.Bf1d3 dxc4
8.Bd3xc4 O-O
9.O-O b5
10.Bc4d3 Bc8b7
11.a3 Ra8c8
12.Rf1d1 c5
13.Nc3xb5 Bb7xf3
14.gxf3 cxd4
15.Qc2e2 Nd7e5
16.f4 Ne5xd3
17.Rd1xd3 Nf6d5
18.Nb5xd6 Qd8xd6
19.Rd3xd4 Qd6d8
20.Bc1d2 Qd8f6
21.Ra1c1 Rc8xc1
22.Bd2xc1 Qf6g6
23.Kf1 Rf8c8
24.Rd4c4 Rc8xc4
25.Qe2xc4 h6
26.f3 Nd5b6
27.Qc4d4 { draw }
1/2-1/2

[Event "Match"]
[Site "www.echecsemail.com"]
[Date "2016.04.09"]
[Round "1"]
[White "Darknight"]
[Black "Matchbox"]
[WhiteElo "1630"]
[BlackElo "1690"]
[Result "0-1"]
[Round "1"]
1.e4 e5
2.Bf1c4 Ng8f6
3.d3 c6
4.h3 d5
5.exd5 cxd5
6.Bc4b3 Nb8c6
7.Bc1g5 Bf8e7
8.c3 O-O
9.a3 Bc8e6
10.d4 exd4
11.cxd4 Nf6e4
12.Bg5e3 f5
13.g3 Qd8a5
14.Nb1d2 Be7f6
15.Ng1e2 Ne4xd2
16.Be3xd2 Qa5d8
17.Bd2e3 Be6f7
18.h4 g6
19.Be3h6 Rf8e8
20.Qd1d2 Nc6xd4
21.Bb3d1 Nd4f3
22.Kf1 Nf3xd2
23.Bh6xd2 d4
24.f4 d3
25.Ne2g1 Bf6xb2
26.Ra1b1 Bb2xa3
27.Rb1xb7 Bf7d5
28.Bd1f3 Bd5xf3
29.Ng1xf3 Qd8d5
30.Rb7xh7 Qd5xf3
31.Kg1 Re8e2
32.Rh1h2 Ba3c5
{ resign }
0-1

[Event "Match"]
[Site "www.echecsemail.com"]
[Date "2016.04.09"]
[Round "1"]
[White "Picalojack"]
[Black "Azulmarino"]
[WhiteElo "1499"]
[BlackElo "1490"]
[Result "0-1"]
[Round "1"]
1.e4 e5
2.Ng1f3 Nb8c6
3.Bf1c4 Ng8f6
4.Nb1c3 Bf8c5
5.d3 h6
6.Nc3d5 d6
7.O-O Bc8g4
8.h3 Bg4xf3
9.Qd1xf3 Nc6d4
10.Qf3e3 Nd4xc2
11.Nd5xf6 Qd8xf6
12.Qe3f3 Nc2d4
13.Qf3g3 Nd4e2
14.Kh2 Ne2xg3
15.Kxg3 O-O
16.Bc1e3 Qf6g6
 { time }
0-1

[Event "Match"]
[Site "www.echecsemail.com"]
[Date "2016.04.09"]
[Round "1"]
[White "Elogic"]
[Black "Umutkrc"]
[WhiteElo "1860"]
[BlackElo "1950"]
[Result "1/2-1/2"]
[Round "1"]
1.e4 d6
2.Bf1c4 e5
3.Qd1f3 Qd8f6
4.Nb1c3 Qf6xf3
5.Ng1xf3 c6
6.Nf3g5 Ng8h6
7.O-O b5
8.Bc4b3 Nb8a6
9.d3 Na6c5
10.f4 Nc5xb3
11.axb3 f6
12.Ng5f3 Nh6f7
13.fxe5 Nf7xe5
14.Nf3xe5 dxe5
15.Nc3e2 Bf8c5
16.Kh1 O-O
17.c3 a5
18.d4 exd4
19.cxd4 Bc5d6
20.Bc1d2 b4
21.Ne2f4 Rf8e8
22.Rf1e1 Bc8b7
23.Ra1c1 Ra8d8
24.Rc1d1 c5
25.d5 Bb7c8
26.h3 Bd6xf4
27.Bd2xf4 g5
28.Bf4c7 Rd8d7
29.Bc7xa5 Rd7e7
30.Ba5b6 Re7xe4
31.Re1xe4 Re8xe4
32.Bb6xc5 g4
33.Rd1d4 Re4xd4
34.Bc5xd4 gxh3
35.Bd4xf6 hxg2
36.Kxg2 Bc8b7
37.Kg3 Bb7xd5
38.Bf6e7 Bd5xb3
39.Be7xb4 { draw }
1/2-1/2

[Event "Match"]
[Site "www.echecsemail.com"]
[Date "2016.04.09"]
[Round "1"]
[White "Elogic"]
[Black "Hundegana"]
[WhiteElo "1740"]
[BlackElo "1940"]
[Result "0-1"]
[Round "1"]
1.e4 c5
2.f4 e6
3.Ng1f3 Nb8c6
4.b3 f6
5.Nf3h4 Qd8e7
6.Bf1e2 g6
7.O-O Bf8g7
8.Bc1b2 f5
9.Bb2xg7 Qe7xg7
10.Nb1c3 fxe4
11.Nc3xe4 Ke7
12.c3 d5
13.Ne4xc5 b6
14.Nc5d3 Bc8d7
15.Ra1c1 Ra8f8
16.b4 a5
17.bxa5 Nc6xa5
18.Nd3e5 Ng8f6
19.Ne5xd7 Kxd7
20.Qd1a4 Kd8
21.Rc1b1 Qg7c7
22.g4 Nf6e4
23.Be2d3 Ne4xd2
24.Bd3xg6 Nd2xb1
25.Rf1xb1 Rf8xf4
26.Qa4c2 Rf4xg4
27.Kh1 hxg6
28.Nh4xg6 Rg4xg6
{ resign }
0-1

[Event "Match"]
[Site "www.echecsemail.com"]
[Date "2016.04.09"]
[Round "1"]
[White "Tonino1"]
[Black "Joseph1983"]
[WhiteElo "2200"]
[BlackElo "2150"]
[Result "0-1"]
[Round "1"]
1.d4 Ng8f6
2.Ng1f3 c5
3.e3 cxd4
4.exd4 g6
5.Bf1d3 Bf8g7
6.b3 O-O
7.Bc1b2 Nb8c6
8.a3 d5
9.Nb1d2 Bc8g4
10.O-O e6
11.h3 Bg4xf3
12.Nd2xf3 Nf6h5
13.g3 Qd8b6
14.Bd3e2 Rf8d8
15.Kg2 Ra8c8
16.Nf3e5 Nh5f6
17.f4 Nf6e4
18.Be2f3 f5
19.Ra1c1 Nc6xe5
20.fxe5 Bg7h6
21.Rc1b1 Ne4d2
22.Rf1e1 Nd2xb1
23.Qd1xb1 Bh6d2
24.Re1e2 Bd2c3
25.Bb2xc3 Rc8xc3
26.Re2d2 Rd8c8
27.h4 Qb6a5
28.Rd2e2 Qa5xa3
29.h5 Qa3b4
30.Qb1d1 Qb4a5
31.hxg6 hxg6
32.Re2d2 Qa5a2
 { time }
0-1